000 01606nam a22003130a 4500
001 PT365
003 AR-LpoUNG
005 20260131014317.0
008 191001s1992||||ec |||||||||||||||||spa d
040 _aAR-LpoUNG
_bspa
_cAR-LpoUNG
_eaacr
041 _aspa
044 _aec
082 0 _a334.01 787viv
100 1 _aCoraggio, José Luis
_93
245 1 0 _aEconomía popular y vivienda :
_b(entre el sistema global y el barrio)
260 _aQuito :
_bInstituto Fronesis,
_c1992.
300 _a30 p. :
_btbls.
520 _aSumario: El contexto mundial: la globalización desigual, el pronóstico del desastre, las recetas del poder global ante esta situación, la cuestión urbana en los 90; Las propuestas alternativas requieren nuevas hipótesis teóricas: las nuevas políticas en curso y sus fundamentos condicionan el significado de las propuestas alternativas, la respuesta popular, la necesidad de una refundación teórica para orientar la acción de signo popular, la propuesta de construcción de una economía popular urbana (EPU); Las políticas del estado y otros agentes desde la perspectiva de la economía popular: las políticas estatales como elemento parcial de una estrategia popular, en el barrio (algunas pautas para las intervenciones en vivienda-hábitat).
650 4 _aCONDICIONES DE VIVIENDA
650 4 _aDESARROLLO URBANO
650 4 _aGLOBALIZACION
650 4 _aNECESIDADES DE VIVIENDA
650 4 _aPLANIFICACION DE VIVIENDA
650 4 _aPOBREZA
650 4 _aPRECARISTAS
710 2 _aInstituto Fronesis (Quito)
905 _a365
942 _cLIB
_2ddc
999 _c55440
_d55440